LEADER 00920nam0 2200265 450 001 000007367 005 20061127142621.0 010 $a88-151105-0 100 $a20061127d2006----km-y0itay50------ba 101 0 $aita 102 $aIT 105 $ay-------001yy 200 1 $aRapporto 2006 sull'economia del mezzogiorno$fSvimez, Associazione per lo sviluppo dell'industria nel mezzogiorno 210 $aBologna$cIl Mulino$dc2006 215 $aXXVI, 643 p.$d24 cm 225 2 $aCollana della Svimez 410 0$12001$aCollana della Svimez 610 1 $aItalia meridionale$aEconomia$a2006 676 $a330.9457$v20 710 02$aSvimez $0630079 801 0$aIT$bUNIPARTHENOPE$c20061127$gRICA$2UNIMARC 912 $a000007367 951 $aSVI 330/2006$b38914$cNAVA1$d2006 996 $aRapporto 2006 sull'economia del mezzogiorno$91205594 997 $aUNIPARTHENOPE LEADER 00956nam0-2200337---450- 001 990008550960403321 005 20071211153815.0 010 $a88-420-8165-5 035 $a000855096 035 $aFED01000855096 035 $a(Aleph)000855096FED01 035 $a000855096 100 $a20070914d2006----km-y0itay50------ba 101 0 $aita 102 $aIT 105 $ay-------001yy 200 1 $aStoria d'Europa dal 1945 a oggi$fGiuseppe Mammarella 205 $aNuova ed. aggiornata 210 $aRoma ; Bari$cLaterza$d2006 215 $aVI, 755 p.$d21 cm 225 1 $aEconomica Laterza$v413 610 0 $aEuropa$aStoria$a1945 - 2006 676 $a940.55$v21$zita 700 1$aMammarella,$bGiuseppe$f<1929- >$0124405 801 0$aIT$bUNINA$gRICA$2UNIMARC 901 $aBK 912 $a990008550960403321 952 $aCollez. 1623 (413)$b42953$fFSPBC 959 $aFSPBC 996 $aStoria d'Europa dal 1945 a oggi$976889 997 $aUNINA